<?xml version="1.0" encoding="UTF-8"?>
<record
    xmlns:xsi="http://www.w3.org/2001/XMLSchema-instance"
    xsi:schemaLocation="http://www.loc.gov/MARC21/slim http://www.loc.gov/standards/marcxml/schema/MARC21slim.xsd"
    xmlns="http://www.loc.gov/MARC21/slim">

  <leader>01829nam a2200229Ia 4500</leader>
  <controlfield tag="001">a1832-44955 </controlfield>
  <controlfield tag="003">IT-MiCISF</controlfield>
  <controlfield tag="005">20250905131131.0</controlfield>
  <controlfield tag="008">161014s9999||||xx |||||||||||||| ||und||</controlfield>
  <datafield tag="040" ind1=" " ind2=" ">
    <subfield code="a">IT-MiCISF</subfield>
    <subfield code="c">IT-MiCISF</subfield>
  </datafield>
  <datafield tag="041" ind1=" " ind2=" ">
    <subfield code="a">it</subfield>
  </datafield>
  <datafield tag="100" ind1=" " ind2=" ">
    <subfield code="a">Belletti Francesco (a cura di)</subfield>
    <subfield code="9">61079</subfield>
  </datafield>
  <datafield tag="245" ind1=" " ind2="0">
    <subfield code="a">Famiglia e povert&#xE0;.</subfield>
    <subfield code="b">I comuni in prima linea</subfield>
  </datafield>
  <datafield tag="260" ind1=" " ind2=" ">
    <subfield code="a"> Roma,</subfield>
    <subfield code="b">Citt&#xE0; Nuova,</subfield>
    <subfield code="c">2008</subfield>
  </datafield>
  <datafield tag="300" ind1=" " ind2=" ">
    <subfield code="a">pp. 185</subfield>
  </datafield>
  <datafield tag="500" ind1=" " ind2=" ">
    <subfield code="a">/ famiglia, politica-familiare, stratificazione-sociale, politiche-sociali, territorio /</subfield>
  </datafield>
  <datafield tag="520" ind1=" " ind2=" ">
    <subfield code="a"> I pi&#xF9; recenti dati Istat confermano che la povert&#xE0; in Italia ha spesso il volto delle famiglie con tre o pi&#xF9; figli, penalizzate dall'attuale meccanismo fiscale che non &#xE8; in grado di redistribuire equamente secondo i carichi familiari. Politiche familiari pi&#xF9; efficaci sarebbero - in effetti - la prima linea di contrasto, preventiva, alla povert&#xE0; delle persone e delle famiglie, e in particolare alla povert&#xE0; dei minori. Il volume rende pubblico un lungo lavoro di ricerca sulle famiglie in disagio socio-economico a partire da un momento cruciale, quando cio&#xE8; i bisogni di queste famiglie incontrano i servizi socio-assistenziali dei Comuni. La ricerca presenta un'importante esperienza di sussidiariet&#xE0; tra molti attori sociali, diversi per natura, obiettivi, regole e dimensioni. Pur tra le difficolt&#xE0; che segnano oggi le politiche familiari e sociali in Italia, la ricerca conferma pertanto che sono possibili azioni positive e che i Comuni sono in prima linea in questa lotta e vanno riconosciuti loro risorse e strumenti adeguati e sufficienti. </subfield>
  </datafield>
  <datafield tag="650" ind1=" " ind2=" ">
    <subfield code="a"> Famiglia nella societ&#xE0; / politica-familiare</subfield>
    <subfield code="e">006</subfield>
    <subfield code="9">62581</subfield>
  </datafield>
  <datafield tag="700" ind1=" " ind2=" ">
    <subfield code="a">Santolini C., Giacobbe G., Belletti F., Rossi G., Carletti R., Caperchione E. </subfield>
    <subfield code="9">62582</subfield>
  </datafield>
  <datafield tag="942" ind1=" " ind2=" ">
    <subfield code="c">BK</subfield>
    <subfield code="2">ddc</subfield>
  </datafield>
  <datafield tag="999" ind1=" " ind2=" ">
    <subfield code="c">217361</subfield>
    <subfield code="d">217361</subfield>
  </datafield>
  <datafield tag="999" ind1=" " ind2=" ">
    <subfield code="b">si</subfield>
  </datafield>
  <datafield tag="952" ind1=" " ind2=" ">
    <subfield code="0">0</subfield>
    <subfield code="1">0</subfield>
    <subfield code="4">0</subfield>
    <subfield code="6">A_183244955</subfield>
    <subfield code="7">1</subfield>
    <subfield code="a">CISF</subfield>
    <subfield code="b">CISF</subfield>
    <subfield code="d">2016-10-14</subfield>
    <subfield code="l">0</subfield>
    <subfield code="o">a1832-44955 </subfield>
    <subfield code="r">2016-10-14 00:00:00</subfield>
    <subfield code="w">2016-10-14</subfield>
    <subfield code="y">BK</subfield>
    <subfield code="z">Data import 15.10.2016 / by Epidotti, Vaglietti</subfield>
  </datafield>
</record>
